| 000 | 00567nam a2200217Ia 4500 | ||
|---|---|---|---|
| 003 | OSt | ||
| 005 | 20241105094231.0 | ||
| 008 | 210210b1989 xxu||||| |||| 00| 0 eng d | ||
| 020 | _a0 380 70763 2 | ||
| 040 | _cAL | ||
| 041 | _aeng | ||
| 082 | _a523.1092 BOSS | ||
| 100 |
_aBOSLOUGH (John). _9184165 |
||
| 245 | _aStephen Hawkings universe: an introduction to the most remarkable scientist of our time | ||
| 260 |
_aNY _bAvon Books _c1989 |
||
| 300 | _a149 | ||
| 650 |
_aUniverse _9184166 |
||
| 690 |
_aAstronomy _9184167 |
||
| 906 | _a042805 | ||
| 942 |
_2ddc _cBK |
||
| 999 |
_c92587 _d92587 |
||